<?xml version="1.0" encoding="UTF-8"?>
<collection xmlns="http://www.loc.gov/MARC21/slim">
 <record>
  <leader>01889nam a22002537a 4500</leader>
  <controlfield tag="001">NCT_36340</controlfield>
  <controlfield tag="008">180523b        xxu||||| |||| 00| 0 vie d</controlfield>
  <datafield tag="999" ind1=" " ind2=" ">
   <subfield code="c">1753</subfield>
   <subfield code="d">1753</subfield>
  </datafield>
  <datafield tag="020" ind1=" " ind2=" ">
   <subfield code="c">39000</subfield>
  </datafield>
  <datafield tag="082" ind1="0" ind2="4">
   <subfield code="2">23rd ed.</subfield>
   <subfield code="a">671.3</subfield>
   <subfield code="b">Ngh311</subfield>
  </datafield>
  <datafield tag="100" ind1="1" ind2=" ">
   <subfield code="a"> Đặng Văn Nghìn</subfield>
   <subfield code="d">Chủ biên</subfield>
  </datafield>
  <datafield tag="245" ind1="1" ind2="0">
   <subfield code="a">Các phương pháp gia công kim loại</subfield>
   <subfield code="c">Đặng Văn Nghìn (chủ biên); Phạm Ngọc Tuấn, Lê Trung Thực, Nguyễn Văn Giáp</subfield>
  </datafield>
  <datafield tag="260" ind1=" " ind2=" ">
   <subfield code="a">TP Hồ Chí Minh</subfield>
   <subfield code="b">Nhà xuất bản Đại học Quốc gia Thành phố Hồ Chí Minh</subfield>
   <subfield code="c">2007</subfield>
  </datafield>
  <datafield tag="300" ind1=" " ind2=" ">
   <subfield code="a">417 tr.</subfield>
   <subfield code="b">Hình vẽ, bảng</subfield>
   <subfield code="c">27cm</subfield>
  </datafield>
  <datafield tag="520" ind1="3" ind2=" ">
   <subfield code="a">Trang bị cho sinh viên những kiến thức cơ bản về các phương pháp gia công cắt gọt thông dụng như tiện phay, bào, khoa, khoét, doa, mài, mài khôn, mài nghiền, mài siêu tinh và các phương pháp gia công mới là gia công tinh bằng biến dạng dẻo như công nghệ lăn ép, nong ép, lăn ép rung ... cũng như những phương pháp gia công không truyền thống như điện lý, điện hóa, chùm tia ...</subfield>
  </datafield>
  <datafield tag="653" ind1=" " ind2=" ">
   <subfield code="a">Công nghệ Kỹ thuật Ô tô</subfield>
  </datafield>
  <datafield tag="700" ind1="1" ind2=" ">
   <subfield code="a">Phạm Ngọc Tuấn</subfield>
  </datafield>
  <datafield tag="700" ind1="1" ind2=" ">
   <subfield code="a">Lê Trung Thực</subfield>
  </datafield>
  <datafield tag="700" ind1="1" ind2=" ">
   <subfield code="a">Nguyễn Văn Giáp</subfield>
  </datafield>
  <datafield tag="942" ind1=" " ind2=" ">
   <subfield code="2">ddc</subfield>
   <subfield code="c">BK</subfield>
  </datafield>
  <datafield tag="952" ind1=" " ind2=" ">
   <subfield code="0">0</subfield>
   <subfield code="1">0</subfield>
   <subfield code="2">ddc</subfield>
   <subfield code="4">0</subfield>
   <subfield code="6">671_300000000000000_NGH311</subfield>
   <subfield code="7">0</subfield>
   <subfield code="9">8637</subfield>
   <subfield code="a">000001</subfield>
   <subfield code="b">000001</subfield>
   <subfield code="d">2018-05-23</subfield>
   <subfield code="o">671.3 Ngh311</subfield>
   <subfield code="p">MD.10582</subfield>
   <subfield code="r">2018-05-23</subfield>
   <subfield code="v">39000.00</subfield>
   <subfield code="w">2018-05-23</subfield>
   <subfield code="y">BK</subfield>
  </datafield>
  <datafield tag="952" ind1=" " ind2=" ">
   <subfield code="0">0</subfield>
   <subfield code="1">0</subfield>
   <subfield code="2">ddc</subfield>
   <subfield code="4">0</subfield>
   <subfield code="6">671_300000000000000_NGH311</subfield>
   <subfield code="7">0</subfield>
   <subfield code="9">8638</subfield>
   <subfield code="a">000001</subfield>
   <subfield code="b">000001</subfield>
   <subfield code="d">2018-05-23</subfield>
   <subfield code="o">671.3 Ngh311</subfield>
   <subfield code="p">MD.10583</subfield>
   <subfield code="r">2018-05-23</subfield>
   <subfield code="v">39000.00</subfield>
   <subfield code="w">2018-05-23</subfield>
   <subfield code="y">BK</subfield>
  </datafield>
  <datafield tag="952" ind1=" " ind2=" ">
   <subfield code="0">0</subfield>
   <subfield code="1">0</subfield>
   <subfield code="2">ddc</subfield>
   <subfield code="4">0</subfield>
   <subfield code="6">671_300000000000000_NGH311</subfield>
   <subfield code="7">0</subfield>
   <subfield code="9">8639</subfield>
   <subfield code="a">000001</subfield>
   <subfield code="b">000001</subfield>
   <subfield code="d">2018-05-23</subfield>
   <subfield code="o">671.3 Ngh311</subfield>
   <subfield code="p">MD.10584</subfield>
   <subfield code="r">2018-05-23</subfield>
   <subfield code="v">39000.00</subfield>
   <subfield code="w">2018-05-23</subfield>
   <subfield code="y">BK</subfield>
  </datafield>
  <datafield tag="980" ind1=" " ind2=" ">
   <subfield code="a">Thư viện Trường Đại học Nam Cần Thơ</subfield>
  </datafield>
 </record>
</collection>
